000 00535nam a22001937a 4500
005 20251108164951.0
008 250721s1999 xx 000 0 ara d
082 1 4 _a658.1/علي
100 1 _aالعلاونة، علي
245 1 0 _aنظرية المنظمة /
264 1 _aعمان :
_bدار رند للنشر والتوزيع،
_c1999.
300 _a327ص
650 1 7 _aالمنظمات
650 1 7 _aالإدارة
650 1 7 _aالنظرية
700 1 _aعبيدات، محمد
942 _2ddc
_cBK
999 _c18622
_d18622